Tout les Clubs Français en Ligue des Champions depuis 2000 - Statistiques

Statistiques générales
  • Ce quiz a été pris 1 011 fois
    379 depuis la dernière actualisation
  • Le résultat moyen est 11 sur 12
Statistiques - réponses
Coach Equipes % Correct
Luis Enrique Paris Saint-Germain
100%
Roberto De Zerbi Olympique de Marseille
99%
Bruno Génésio LOSC Lille
98%
Paulo Fonseca Olympique Lyonnais
98%
Eric Roy Stade Brestois
97%
Habib Beye Stade Rennais
97%
Sébastien Pocognoli AS Monaco
96%
Luis Castro FC Nantes
95%
Pierre Sage RC Lens
95%
Zoumana Camara Montpellier HSC
88%
Bruno Irles Girondins de Bordeaux
83%
Christophe Pélissier AJ Auxerre
72%
Aucun quiz correspondant
Distribution des résultats
% des personnes avec chaque résultat
Percentile par nombre de réponses
Votre historique - résultats
Vous n’avez pas pris ce quiz depuis la dernière actualisation